| 000 | 00801nam a2200217Ia 4500 | ||
|---|---|---|---|
| 003 | GCL | ||
| 008 | 140319s9999 xx 000 0 ara d | ||
| 040 |
_aGCL / _cGCL |
||
| 082 | 0 | 4 |
_a330.9 _bم د |
| 100 | 1 | _aمعهد البحوث والدراسات العربية | |
| 245 | 1 | 0 |
_aدراسات فى تنسيق الخطط والتكامل الاقتصادى العربى / _cمعهد البحوث والدراسات العربية |
| 260 |
_a[S.N] : _bمعهد البحوث والدراسات العربية ، _c1978 |
||
| 300 | _a427 ص | ||
| 490 | _a | ||
| 650 | 0 | 4 | _aالاقتصاد |
| 650 | 0 | 4 | _aالتكامل الاقتصادى |
| 650 | 0 | 4 | _aالوطن العربى |
| 650 | 0 | 4 | _aالاحوال الاقتصادية |
| 650 | 0 | 4 | _aالتنمية الاقتصادية |
| 942 |
_2ddc _cBK |
||
| 999 |
_c30650 _d30650 |
||